Every Marvel Movie - Statistics

General Stats
  • This quiz has been taken 20 times
    18 since last reset
  • The average score is 59 of 135
Answer Stats
Picture Answer % Correct
Captain America
100%
Captain America
100%
Captain America
100%
Captain America: The First Avenger
100%
Hulk
92%
Spider-Man
92%
Spider-Man
92%
Spider-Man
92%
The Amazing Spider-Man
92%
The Incredible Hulk
92%
The Incredible Hulk
92%
Fant4stic
83%
Fantastic Four
83%
Thor
83%
Deadpool
75%
Deadpool & Wolverine
75%
Spider-Man 2
75%
Venom
75%
Ant-Man
67%
Ant-Man and the Wasp
67%
Avengers: Endgame
67%
Avengers: Infinity War
67%
Black Panther
67%
Black Widow
67%
Captain America: Brave New World
67%
Captain America: Civil War
67%
Deadpool 2
67%
Doctor Strange
67%
Eternals
67%
Guardians of the Galaxy
67%
Guardians of the Galaxy Vol. 2
67%
Iron Man
67%
Iron Man 2
67%
Iron Man 3
67%
Logan
67%
Spider-Man 3
67%
Spider-Man: Far From Home
67%
Spider-Man: Homecoming
67%
Spider-Man: Into the Spider-Verse
67%
Spider-Man: No Way Home
67%
The Avengers
67%
The Wolverine
67%
Thor: Love and Thunder
67%
Thor: Ragnarok
67%
Thunderbolts*
67%
X-Men
67%
Avengers: Age of Ultron
58%
Blade
58%
Captain Marvel
58%
Daredevil
58%
Elektra
58%
Ghost Rider
58%
Guardians of the Galaxy Vol. 3
58%
Kraven the Hunter
58%
Madame Web
58%
Men in Black
58%
Morbius
58%
Spider-Man: Across the Spider-Verse
58%
The Punisher
58%
The Punisher
58%
Thor: The Dark World
58%
Ant-Man and the Wasp: Quantumania
50%
Big Hero 6
50%
Black Panther: Wakanda Forever
50%
Kick-Ass
50%
Kick-Ass 2
50%
The Amazing Spider-Man 2
50%
The Marvels
50%
The Silver Surfer
50%
Venom: The Last Dance
50%
Captain America: The Winter Soldier
42%
Doctor Strange in the Multiverse of Madness
42%
Shang-Chi and the Legend of the Ten Rings
42%
The Fantastic Four: First Steps
42%
Venom: Let There Be Carnage
42%
Werewolf by Night
42%
X-Men: First Class
42%
Argylle
33%
Blade: Trinity
33%
Dr. Strange
33%
Fantastic Four: Rise of the Silver Surfer
33%
Man-Thing
33%
Men in Black 3
33%
The King's Man
33%
X2
33%
X-Men: Apocalypse
33%
X-Men: Days of Future Past
33%
Blade II
25%
Conan the Barbarian
25%
Conan the Barbarian
25%
Dark Phoenix
25%
Ghost Rider: Spirit of Vengeance
25%
Howard the Duck
25%
Hulk vs. Thor
25%
Hulk vs. Wolverine
25%
Kingsman: The Golden Circle
25%
Men in Black II
25%
Men in Black: International
25%
Punisher: War Zone
25%
The New Mutants
25%
X-Men Origins: Wolverine
25%
Planet Hulk
17%
The Trial of the Incredible Hulk
17%
Ultimate Avengers: The Movie
17%
X-Men: The Last Stand
17%
Captain America II: Death Too Soon
8%
Conan the Destroyer
8%
Generation X
8%
Kingsman: The Secret Service
8%
Nick Fury: Agent of S.H.I.E.L.D.
8%
Powerpack
8%
Red Sonja
8%
Red Sonja
8%
The Death of the Incredible Hulk
8%
The Incredible Hulk Returns
8%
Tomb of Dracula
8%
Avengers Confidential: Black Widow & Punisher
0%
Bride of the Incredible Hulk
0%
Doctor Strange: The Sorcerer Supreme
0%
Firearm
0%
Hardcase
0%
Hulk: Where Monsters Dwell
0%
Iron Man and Captain America: Heroes United
0%
Iron Man and Hulk: Heroes United
0%
Iron Man: Rise of the Technoverse
0%
Marvel Super Hero Adventures: Frost Fight!
0%
Next Avengers: Heroes of Tomorrow
0%
Red Sonja: Queen of Plagues
0%
Spider-Man Strikes Back
0%
Spider-Man: The Dragon's Challenge
0%
The Haunted World of El Superbeasto
0%
The Invincible Iron Man
0%
The Monster of Frankenstein
0%
Thor: Tales of Asgard
0%
Ultimate Avengers 2: Rise of the Panther
0%
No matching quizzes found
Score Distribution
Percent of People with Each Score
Percentile by Number Answered
Your Score History
You have not taken this quiz since the last reset